Normal view
MARC view
- Humorous stories.
Entry Genre/Form Term
001 - CONTROL NUMBER
- control field: 11259
003 - CONTROL NUMBER IDENTIFIER
- control field: NUST
005 - DATE AND TIME OF LATEST TRANSACTION
- control field: 20180626050040.0
008 - FIXED-LENGTH DATA ELEMENTS
- fixed length control field: 180626|| aca||aabn | a|a d
040 ## - CATALOGING SOURCE
- Original cataloging agency: NUST
- Transcribing agency: NUST
155 ## - HEADING--GENRE/FORM TERM
- Genre/form term: Humorous stories.
670 ## - SOURCE DATA FOUND
- Source citation: Work cat.: (NUST)174656: Forster, E. M. (Edward Morgan), 1879-1970. 11255, A room with a view /, 2000.
